<?xml version="1.0" encoding="UTF-8"?>
<marc:record xmlns:marc="http://www.loc.gov/MARC21/slim">
   <marc:leader>00000nam a2200000 a 4500</marc:leader>
   <marc:datafield ind1="1" ind2=" " tag="100">
      <marc:subfield code="a">McFadden, Freida</marc:subfield>
      <marc:subfield code="4">aut</marc:subfield>
      <marc:subfield code="e">Verfasser/-in</marc:subfield>
   </marc:datafield>
   <marc:datafield ind1="1" ind2=" " tag="100">
      <marc:subfield code="a">Gravert, Astrid</marc:subfield>
   </marc:datafield>
   <marc:datafield ind1=" " ind2=" " tag="653">
      <marc:subfield code="a">Krimis, Thriller, Spionage</marc:subfield>
   </marc:datafield>
   <marc:datafield ind1="0" ind2="0" tag="245">
      <marc:subfield code="a">Die Kollegin – Wer hat sie so sehr gehasst, dass sie sterben musste?</marc:subfield>
   </marc:datafield>
   <marc:datafield ind1="0" ind2="0" tag="245">
      <marc:subfield code="c">McFadden, Freida</marc:subfield>
   </marc:datafield>
   <marc:datafield ind1=" " ind2="1" tag="264">
      <marc:subfield code="a">München</marc:subfield>
      <marc:subfield code="b">Heyne</marc:subfield>
      <marc:subfield code="c">2025</marc:subfield>
   </marc:datafield>
   <marc:datafield ind1="1" ind2=" " tag="520">
      <marc:subfield code="a">Zwei Frauen. Ein Büro. Ein schreckliches Verbrechen.&#xD;
&#xD;
Dawn Schiff ist seltsam. Darin sind sich ihre Kollegen einig. Sie sagt nie das Richtige. Sie hat keine Freunde. Aber sie ist jeden Morgen um Punkt 8:45 Uhr an ihrem Platz in der Firma, in der sie als Buchhalterin arbeitet. Bis sie eines Morgens nicht auftaucht. Dawns Kollegin Natalie Farrell wundert sich. Dann erhält sie einen anonymen Anruf und fährt zu Dawns Wohnung. Keine Spur von ihrer Kollegin. Doch Natalie bietet sich ein Bild des Grauens. Eins scheint bald klar: Jemand muss Dawn so sehr gehasst haben, dass er sie getötet hat. War es jemand aus ihrem Büro? Je mehr Natalie herausfindet, desto tiefer verstrickt sie sich selbst in ein Netz aus Lügen und Gewalt, aus dem es kein Entkommen gibt.</marc:subfield>
   </marc:datafield>
   <marc:datafield ind1=" " ind2=" " tag="020">
      <marc:subfield code="a">9783453443488</marc:subfield>
      <marc:subfield code="9">9783453443488</marc:subfield>
   </marc:datafield>
   <marc:datafield ind1=" " ind2=" " tag="020">
      <marc:subfield code="a">3453443489</marc:subfield>
      <marc:subfield code="9">3453443489</marc:subfield>
   </marc:datafield>
   <marc:datafield ind1=" " ind2=" " tag="041">
      <marc:subfield code="a">ger</marc:subfield>
   </marc:datafield>
   <marc:datafield ind1=" " ind2=" " tag="338">
      <marc:subfield code="a">Band</marc:subfield>
   </marc:datafield>
   <marc:datafield ind1=" " ind2=" " tag="300">
      <marc:subfield code="a">384 Seiten</marc:subfield>
   </marc:datafield>
</marc:record>
